| 000 | 01049nam a2200289 i 4500 | ||
|---|---|---|---|
| 001 | 186112 | ||
| 003 | SpMaBN | ||
| 005 | 20250912063057.0 | ||
| 008 | 160909s1989 mx |||| |dspa d | ||
| 020 | _a84-375-0106-7 | ||
| 080 | _a929 Juan, Don | ||
| 080 | _a299.7(=822.245) | ||
| 080 | _a615.214:159.961.2 | ||
| 100 | 1 |
_aCastaneda, Carlos. _936394 |
|
| 245 | 1 | 4 |
_aLas enseñanzas de Don Juan _b: una forma yaqui de conocimiento / _cCarlos Castaneda ; prólogo de Octavio Paz ; [traducción de Juan Tovar]. |
| 250 | _a18ª reimp., en España. | ||
| 260 |
_aMéxico : _bFondo de Cultura Económica, _c1989. |
||
| 300 |
_a301 p. ; _c17 cm. |
||
| 490 | 1 |
_aColección popular (Fondo de Cultura Económica) ; _v126 _9241328 |
|
| 650 | 7 |
_aYaquis (Indios)- _xReligión. _9159835 |
|
| 650 | 7 |
_aAlucinógenos y experiencia religiosa. _9156627 |
|
| 700 | 1 |
_aPaz, Octavio, _d1914-1998 _989753 |
|
| 700 | 1 |
_aTovar, Juan. _9111169 |
|
| 852 |
_aES-MaACL _jL-30657 _z. - Donat. Miguel A. Velasco |
||
| 942 | _2udc | ||
| 999 |
_c186112 _d186112 |
||